Effective academic writing 3: The essay

সংরক্ষণ করুন:
গ্রন্থ-পঞ্জীর বিবরন
প্রধান লেখক: Davis, Jason
বিন্যাস: গ্রন্থ
ভাষা:Undetermined
প্রকাশিত: New York, NY Oxford University Press 2006
বিষয়গুলি:
ট্যাগগুলো: ট্যাগ যুক্ত করুন
কোনো ট্যাগ নেই, প্রথমজন হিসাবে ট্যাগ করুন!
Thư viện lưu trữ: Trung tâm Học liệu Trường Đại học Cần Thơ
LEADER 00726nam a2200217Ia 4500
001 CTU_127644
008 210402s9999 xx 000 0 und d
020 |c 127000 
082 |a 808.042 
082 |b D262 
100 |a Davis, Jason 
245 0 |a Effective academic writing 3: 
245 4 |b The essay 
245 0 |c Jason Davis and Rhonda Liss 
260 |a New York, NY 
260 |b Oxford University Press 
260 |c 2006 
650 |a English language,Essay,English language,Report writing 
650 |x Problems, exercises, etc.,Rhetoric,Authorship,Problems, exercises, etc.,Textbooks for foreign speakers.,Problems, exercises, etc. 
904 |i Minh 
980 |a Trung tâm Học liệu Trường Đại học Cần Thơ